LEADER 00947nam0-22003131i-450- 001 990003075650403321 010 $a0-226-26249-9 035 $a000307565 035 $aFED01000307565 035 $a(Aleph)000307565FED01 035 $a000307565 100 $a20000920d1983----km-y0itay50------ba 101 0 $aita 102 $aIT 200 1 $aExchange Rates and International Macroeconomics$fEdited by Jacob A.Frenkel. 210 $aChicago$aLondon$cUniversity of Chicago Press$d1983. 215 $aX, 382 p.$d23 cm 225 1 $a<>National Bureau of Economic Research Conference Report 610 0 $aTassi di cambio 676 $aO/2.113 702 1$aFrenkel,$bJacob Aaron$f<1943- > 801 0$aIT$bUNINA$gRICA$2UNIMARC 901 $aBK 912 $a990003075650403321 952 $aO/2.113 FRE/83$b4960$fSES 959 $aSES 996 $aExchange rates and international macroeconomics$9394717 997 $aUNINA DB $aING01 LEADER 02321nam 2200397 450 001 9910476889603321 005 20230507215409.0 035 $a(CKB)4100000010461259 035 $a(NjHacI)994100000010461259 035 $a(EXLCZ)994100000010461259 100 $a20230507d2019 uy 0 101 0 $aeng 135 $aur||||||||||| 181 $ctxt$2rdacontent 182 $cc$2rdamedia 183 $acr$2rdacarrier 200 10$aFinancing Quality Education for All $eThe Funding Methods of Compulsory and Special Needs Education /$fKristof De Witte [and three others] 210 1$aLeuven, Belgium :$cLeuven University Press,$d2019. 215 $a1 online resource (161 pages) $cillustrations 311 $a94-6166-301-3 327 $aIntroduction -- The choice of countries and regions -- Overview of education systems -- Funding formulas -- Conclusions. 330 $aIn OECD countries the average expenditure on primary and secondary education institutions is about 3.5% of GDP. The investment in education has large implications for economic development and the proper functioning of democratic institutions, as well as overall well-being. However, clear consensus and guidance on which system leads to the best educational outcomes is lacking. This volume describes the resource allocation for compulsory and special needs education for a selection of well-performing countries and regions on PISA tests. By studying the funding systems in well-performing countries and regions the authors identify the elements in the respective funding systems that are associated with best outcomes and have the ideal characteristics to pursue particular goals of education systems such as equity and efficiency. The funding methods of primary and secondary education as well as special needs education are covered. 606 $aEducation, Higher$xFinance 606 $aGovernment aid to education 606 $aSpecial education$xFinance 615 0$aEducation, Higher$xFinance. 615 0$aGovernment aid to education. 615 0$aSpecial education$xFinance. 676 $a338.43378 700 $aDe Witte$b Kristof$01354389 801 0$bNjHacI 801 1$bNjHacl 906 $aBOOK 912 $a9910476889603321 996 $aFinancing Quality Education for All$93328342 997 $aUNINA